Die 100 besten Fußballer des Jahres 2020 - Statistiken

Allgemein
  • Dieses Quiz wurde 9.749 mal gespielt
  • Das Durchschnittsergebnis liegt bei 46 aus 100
Antwortstatistiken
# Club Name % Korrekt
2 FC Barcelona Lionel Messi
99%
3 Juventus Turin Cristiano Ronaldo
98%
80 FC Everton Dominic Calvert-Lewin
97%
7 Paris Saint-Germain Kylian Mbappe
96%
6 Borussia Dortmund Erling Haaland
94%
1 Bayern München Robert Lewandowski
94%
8 FC Liverpool Mohamed Salah
93%
9 Paris Saint-Germain Neymar
93%
15 Bayern München Manuel Neuer
92%
5 FC Liverpool Sadio Mane
90%
11 Bayern München Joshua Kimmich
87%
20 Tottenham Hotspur Harry Kane
86%
4 Manchester City Kevin de Bruyne
86%
12 Real Madrid Karim Benzema
84%
14 Bayern München Thomas Müller
83%
10 FC Liverpool Virgil van Dijk
82%
16 Bayern München Serge Gnabry
76%
22 Tottenham Hotspur Heung-min Son
75%
75 Bayern München Leroy Sane
75%
71 Real Madrid Luka Modric
75%
42 Real Madrid Toni Kroos
75%
30 FC Chelsea Timo Werner
69%
18 FC Liverpool Trent Alexander-Arnold
68%
40 Bayern München Leon Goretzka
67%
26 FC Liverpool Alisson
65%
13 Real Madrid Sergio Ramos
65%
19 Inter Mailand Romelu Lukaku
64%
50 FC Chelsea Kai Havertz
63%
29 Borussia Dortmund Jadon Sancho
59%
43 FC Liverpool Roberto Firmino
59%
34 FC Liverpool Andrew Robertson
58%
90 FC Barcelona Antoine Griezmann
56%
47 Bayern München Kingsley Coman
56%
23 Bayern München Alphonso Davies
55%
24 Lazio Rom Ciro Immobile
55%
44 Inter Mailand Lautaro Martinez
53%
31 Bayern München David Alaba
52%
17 FC Liverpool Thiago
52%
33 FC Liverpool Jordan Henderson
50%
25 AC Mailand Zlatan Ibrahimovic
50%
70 Manchester City Bernardo Silva
49%
89 Manchester City Ederson
49%
54 FC Chelsea Thiago Silva
49%
58 Atletico Madrid Luis Suarez
48%
27 Manchester City Raheem Sterling
48%
35 Leicester City Jamie Vardy
47%
56 Real Madrid Casemiro
46%
41 Manchester United Marcus Rashford
46%
21 Manchester United Bruno Fernandes
45%
97 Bayern München Jerome Boateng
45%
55 FC Chelsea N'Golo Kante
45%
46 Real Madrid Thibaut Courtois
44%
28 Atletico Madrid Jan Oblak
42%
48 FC Barcelona Marc-Andre ter Stegen
41%
36 FC Arsenal Pierre-Emerick Aubameyang
39%
79 FC Barcelona Frenkie de Jong
37%
39 Juventus Turin Paulo Dybala
37%
91 Atalanta Bergamo Robin Gosens
36%
65 Manchester City Sergio Aguero
35%
83 Real Madrid Eden Hazard
34%
38 Paris Saint-Germain Angel Di Maria
31%
37 Atletico Madrid Joao Felix
31%
69 Juventus Turin Matthijs de Ligt
31%
32 Atalanta Bergamo Alejandro Gomez
30%
51 FC Liverpool Fabinho
30%
86 FC Sevilla Jesus Navas
30%
67 Paris Saint-Germain Keylor Navas
30%
49 Paris Saint-Germain Marquinhos
29%
59 Aston Villa Jack Grealish
28%
64 Olympique Lyon Memphis Depay
28%
77 Manchester City Riyad Mahrez
28%
52 RB Leipzig Dayot Upamecano
27%
84 SSC Neapel Dries Mertens
26%
81 FC Barcelona Philippe Coutinho
25%
76 Inter Mailand Achraf Hakimi
24%
100 AS Monaco Wissam Ben Yedder
24%
57 Atalanta Bergamo Duvan Zapata
22%
63 FC Liverpool Diogo Jota
19%
61 Atalanta Bergamo Josip Ilicic
19%
62 SSC Neapel Kalidou Koulibaly
19%
73 FC Liverpool Georginio Wijnaldum
18%
99 Paris Saint-Germain Presnel Kimpembe
18%
66 Real Madrid Federico Valverde
17%
68 RB Leipzig Marcel Sabitzer
17%
82 FC Everton Richarlison
16%
95 Juventus Turin Alvaro Morata
15%
87 Stade Rennes Eduardo Camavinga
14%
45 FC Barcelona Ansu Fati
13%
92 Inter Mailand Nicolo Barella
13%
74 Real Madrid Martin Odegaard
11%
78 Wolverhampton Wanderers Raul Jimenez
11%
88 Atletico Madrid Marcos Llorente
10%
60 FC Chelsea Hakim Ziyech
8%
98 Lazio Rom Luis Alberto
8%
94 Manchester City Ferran Torres
7%
72 Olympique Lyon Houssem Aouar
7%
96 Red Bull Salzburg Dominik Szoboszlai
6%
53 FC Sevilla Lucas Ocampos
5%
93 Al-Shabab Riad Ever Banega
4%
85 FC Arsenal Thomas Partey
4%
Keine übereinstimmenden Quizze gefunden
Verteilung der Resultate
Anzahl Personen mit jedem Resultat
Perzentil nach korrekt beantworteten Fragen
Ihre Resultats-Entwicklung
Sie haben dieses Quiz noch nicht gespielt